RRIM 700 series clones trials (Second and Third selections) : Seventh report (Record no. 67337)

MARC details
000 -LEADER
fixed length control field 00284nam a2200097Ia 4500
245 #0 - TITLE STATEMENT
Title RRIM 700 series clones trials (Second and Third selections) : Seventh report
260 ## - PUBLICATION, DISTRIBUTION, ETC. (IMPRINT)
Name of publisher Planters Bulletin
Year of publication 1974
300 ## - PHYSICAL DESCRIPTION
Number of Pages 165-174
942 ## - ADDED ENTRY ELEMENTS (KOHA)
Koha item type Journals
Holdings
Withdrawn status Lost status Damaged status Not for loan Home library Current library Shelving location Date acquired Serial Enumeration / chronology Koha item type
      Journals RRII Library RRII Library Botany 17/12/2021 Volume 134, Issue Journals